000 00707nam a2200229Ia 4500
003 OSt
005 20260121144527.0
008 210716s2002 xx 000 0 und d
020 _a8178086425
040 _cAIMIT LIBRARY
041 _aeng
082 _a006.62
_23
_bUFFJ
100 _aUffenbeck, John.
_9252084
245 _a80*86 family :
_bdesign programming and interfacing /
_cBy John Uffenbeck.
250 _a3
260 _aNew Delhi :
_bPearson Education ,
_c2002.
300 _aix,678p. ;
_bPB
_c24.5 cm
650 _a80*86 processor architecture
_9252085
650 _aMemory chips and memory interfacing
_9252086
650 _aData communication
_9252087
942 _2ddc
_cBK
_e3rd
_k006.62 UFFJ
999 _c185512
_d185512